000 00479nam a2200169Ia 4500
008 090201s9999 xx 000 0 und d
010 _aKPL-47710
040 _bमराठी
041 _aमराठी
082 _a33363
_b47710
100 _aजनार्दन ओक
245 _aमाग
_cजनार्दन ओक
260 _c2004
_bश्रद्धा प्रकाशन
300 _a156
_bमोठा
600 _aमाग
942 _cBOOK
999 _c231627
_d231627